000 00769nam a22001337a 4500
040 _cRUA
082 _aLibrary Block B B1.398
100 _aម៉ាន់ ស្រីល័ក្ខ MAN SREYLEAK
245 _aសិក្សាអំពីសុវត្ថិភាពនៃការកាន់កាប់ដីធ្លីរបស់ប្រជាពលរដ្ឋនៅឃុំធម្មតាអរ ស្រុកសំរោងទង ខេត្តកំពង់ស្ពឺ STUDY ON LAND TENURE SECURITY IN THORMDA OR COMMUNE, SAMRONG TONG DISTRICT KAMPONG SPUE PROVINCE
260 _aRUA
_bPHNOM PENH
_c2024
300 _axi
_bill
_c29cm
856 _uhttps://drive.google.com/file/d/1OxuNNPO3C7k07ETLKci0UTGVTh65wSQj/view?usp=sharing
942 _cLMA
999 _c24904
_d24904